000 00632nam a22002057a 4500
003 KOHA_MİRAKIL
005 20241004083814.0
008 241004b tu ||||| |||| 00| 0 tur d
020 _a9786056793707
040 _aTR-AnABB
_btur
_cTR-AnABB
041 _atur
082 _a956.1024
_bATA 2018
245 0 0 _aAtatürk için diyorlar ki :
_bTürk ve dünya basınından 450 isim 1150 söz /
_cderleyen: Selahaddin Çiller
250 _a4. basım
260 _aSamsun :
_b[yayl.y],
_c2018
300 _a352 sayfa ;
_c20 cm
650 0 0 _aTarih, Türkiye
700 1 _aÇiller, Selahaddin,
_ederleyen
_91255
942 _2ddc
_cBK
999 _c7792
_d7792
900 _bCan Çelik